|
|
|
|
| LEADER |
00000nab#a22000007a#4500 |
| 001 |
arbauad004000 |
| 003 |
AR-BaUAD |
| 005 |
20250711110617.0 |
| 008 |
940405|||||||||###||||||b###|0###a|spa|| |
| 040 |
|
|
|a AR-BaUAD
|c AR-BaUAD
|b spa
|
| 245 |
1 |
0 |
|a La embajada argentina en Brasilia
|
| 300 |
0 |
|
|b cortes, perspec., plantas
|
| 500 |
|
|
|a Descripción y comentarios sobre los primeros premios y menciones.
|
| 653 |
|
|
|a ARQUITECTURA
|
| 653 |
|
|
|a CONCURSOS
|
| 653 |
|
|
|a EMBAJADAS
|
| 653 |
|
|
|a EMBAJADA DE ARGENTINA
|
| 653 |
|
|
|a BRASILIA
|
| 653 |
|
|
|a BRASIL
|
| 653 |
|
|
|a PROYECTOS
|
| 653 |
|
|
|a BULLRICH, FRANCISCO
|
| 653 |
|
|
|a AIZENSTAT, NATAN
|
| 653 |
|
|
|a RAJLIN, CARLOS RAUL
|
| 653 |
|
|
|a ANTONINI-SCHON-ZEMBORAIN
|
| 653 |
|
|
|a MACERATESI, JORGE EDUARDO
|
| 653 |
|
|
|a SORONDO, RODOLFO
|
| 653 |
|
|
|a BAUDIZZONE-LESTARD-ERBIN-TRAINE-VARAS
|
| 653 |
|
|
|a FRANGELLA, ROBERTO
|
| 773 |
0 |
|
|t SUMMA
|g no. 32 [dic. 1970], p. 23-40
|
| 942 |
|
|
|c ARTI
|
| 952 |
|
|
|0 0
|1 0
|4 0
|7 0
|9 48920
|a AR-BAuAD
|b AR-BAuAD
|d 2025-07-11
|l 0
|p AAQA004000
|r 2025-07-11 11:06:17
|w 2025-07-11
|y ARTI
|
| 990 |
|
|
|a AQ197
|b TD
|
| 998 |
|
|
|a AAQ
|b BIBUN76
|
| 999 |
|
|
|c 28593
|d 28593
|